00385nam a2200145Ia 450000500170000000800410001704000190005804100120007708200160008910000190010524500670012426000260019130000120021785000100022920230411091437.0131103s9999 xx 000 0 und d aLoreto College aEnglish a823.09bGRA aGraves, Robert ai Catacrok !b mostly stories, mostly funny cby Robert Graves aLondonbCassellc1956 a203 p.  aLCLIB